书目信息 |
| 题名: |
非线性音系学
|
|
| 作者: | 颜宁 编著 | |
| 分册: | ||
| 出版信息: | 北京 人民出版社 2009 |
|
| 页数: | 370页 | |
| 开本: | 21cm | |
| 丛书名: | ||
| 单 册: | ||
| 中图分类: | H012 | |
| 科图分类: | ||
| 主题词: | 语音系统--Yu Yin Xi Tong--研究 | |
| 电子资源: | ||
| ISBN: | 978-7-01-008277-6 | |
| 000 | 00903nam0 22002531 450 | |
| 001 | 350755 | |
| 005 | 20161012092555.84 | |
| 010 | @a978-7-01-008277-6@dCNY35.00 | |
| 100 | @a20110106d2009 em y0chiy50 ea | |
| 101 | 1 | @achi@ceng |
| 102 | @aCN@b110000 | |
| 105 | @ay z 000yy | |
| 106 | @ar | |
| 200 | 1 | @a非线性音系学@AFei Xian Xing Yin Xi Xue@dNon-linear phonology@f颜宁编著@zeng |
| 210 | @a北京@c人民出版社@d2009 | |
| 215 | @a370页@d21cm | |
| 300 | @a云南师范大学学术文库、云南师范大学学术著作出版基金资助出版 | |
| 330 | @a本书在广泛借鉴相关理论研究成果的基础上,系统地梳理、分析和研究了非线性音系学核心理论流派产生的背景,主要的理论主张,突出的研究优势及发展困境等。 | |
| 510 | 1 | @aNon-linear phonology@zeng |
| 606 | 0 | @a语音系统@AYu Yin Xi Tong@x研究 |
| 690 | @aH012@v5 | |
| 701 | 0 | @a颜宁@AYan Ning@c(英语)@4编著 |
| 801 | 0 | @aCN@bTANGWEI@c20160808 |
| 905 | @b0891620-4@dH012@e186@f5 | |
| 非线性音系学=Non-linear phonology/颜宁编著.-北京:人民出版社,2009 |
| 370页;21cm |
| 云南师范大学学术文库、云南师范大学学术著作出版基金资助出版 |
| ISBN 978-7-01-008277-6:CNY35.00 |
| 本书在广泛借鉴相关理论研究成果的基础上,系统地梳理、分析和研究了非线性音系学核心理论流派产生的背景,主要的理论主张,突出的研究优势及发展困境等。 |
| ● |
| 相关链接 |
|
|
|
|
正题名:非线性音系学
索取号:H012/186
 
预约/预借
| 序号 | 登录号 | 条形码 | 馆藏地/架位号 | 状态 | 备注 |
| 1 | 0891620 | 208916208 | 第二样本阅览室/ [索取号:H012/186] | 在馆 | |
| 2 | 0891621 | 208916217 | 第四借阅区/ [索取号:H012/186] | 在馆 | |
| 3 | 0891622 | 208916226 | 第四借阅区/ [索取号:H012/186] | 在馆 | |
| 4 | 0891623 | 208916235 | 第四借阅区/ [索取号:H012/186] | 在馆 | |
| 5 | 0891624 | 208916244 | 密集书库-文学院/ [索取号:H012/186] | 在馆 |